Impeccable logic: trade, development and free markets in the Clinton Era /

sin resumen

Sparad:
Bibliografiska uppgifter
Huvudupphovsman: Henwood, Doug
Materialtyp: Text
Taggar: Lägg till en tagg
Inga taggar, Lägg till första taggen!

MARC

LEADER 00000 a a2200000 04500
001 9907
003
040
100 |a Henwood, Doug  
245 |a Impeccable logic:   |b trade, development and free markets in the Clinton Era /  |c Doug Henwood 
520 |a sin resumen  
773 |g volumen 26, número 5; páginas 23-28  
999 |c 32372  |d 32372 
773 0 |0 43153  |9 9050  |a North American Congress on Latin America (NACLA)  |d Nueva York: North American Congress on Latin America (NACLA), 1967-  |o 22905  |t NACLA: